000 01464nam0a22003131 4500
001 RU\NLR\A1SV\45008
005 20251203171251.9
035 _a(NLR Aleph) 009727154
090 _a9895494
_c9895494
100 _a20021223d1923 u y0rusy50 ca
101 0 _arus
102 _aRU
200 1 _aЗа елочкой
_eПьеса для мален. детей, с прил. песен Лядова
_fН.Н.Доломанова
_g[Обл. и рис. в тексте работы худ. А.Каплуна]
210 _aПг.
_cНачатки знаний
_d1923
215 _a16 с., 1 с. на обл.
_cил.
_d24 см
225 _aТр. Музея "Дошк. жизнь ребенка"
300 _aНа 2-й с. обл.: По недосмотру на тит. л. напеч.: Труды музея "Дошкольная жизнь ребенка". Пьеска предназначается для детей школьного возраста
620 _dСанкт-Петербург
700 1 _aДоломанова
_bН. Н.
_f1870-1942
_gНадежда Николаевна
702 1 _aКаплун
_bА. В.
_f1887-1974
_gАдриан Владимирович
_3RU\NLR\AUTH\770127920
702 1 _aЛядов
_bА. К.
_f1855-1914
_gАнатолий Константинович
801 0 _aRU
_bNLR
_c20021223
852 _aNLR
_j37.60.2.134
899 _aРГБ
899 _aРКП
942 _cBOOK
980 _aNB
980 _aA1SV